La masonería en la construcción de sociedades / (Record no. 180983)

MARC details
000 -LEADER
campo de control de longitud fija 00875nam a2200265 i 4500
001 - NÚMERO DE CONTROL
campo de control 180983
003 - IDENTIFICADOR DE NÚMERO DE CONTROL
campo de control ES-MaACL
005 - FECHA Y HORA DE LA ÚLTIMA TRANSACCIÓN
campo de control 20250814054354.0
008 - DATOS DE LONGITUD FIJA--INFORMACIÓN GENERAL
campo de control de longitud fija 120927s2011 sp a |||| |dspa d
020 ## - NÚMERO INTERNACIONAL ESTÁNDAR DEL LIBRO
Número Internacional Estándar del Libro 978-84-92984-36-7
080 ## - NÚMERO DE LA CLASIFICACIÓN DECIMAL UNIVERSAL
Número de la Clasificación Decimal Universal 061.236.6
100 1# - ENTRADA PRINCIPAL--NOMBRE DE PERSONA
Nombre de persona González Rodríguez, Diego,
Fechas asociadas al nombre 1987-
9 (RLIN) 151453
245 13 - MENCIÓN DEL TÍTULO
Título La masonería en la construcción de sociedades /
Mención de responsabilidad, etc. Diego González Rodríguez.
246 34 - FORMA VARIANTE DEL TITULO
Texto de visualización Subtítulo de cubierta
Título propio/Titulo breve Ideas masónicas para un mundo en crisis
250 ## - MENCION DE EDICION
Mención de edición 1ª ed.
260 ## - PUBLICACIÓN, DISTRIBUCIÓN, ETC.
Lugar de publicación, distribución, etc. [Oviedo] :
Nombre del editor, distribuidor, etc. Masonica.es,
Fecha de publicación, distribución, etc. 2011.
300 ## - DESCRIPCIÓN FÍSICA
Extensión 227 p. :
Otras características físicas retr. ;
Dimensiones 21 cm.
490 1# - MENCIÓN DE SERIE
Mención de serie Serie roja
610 24 - PUNTO DE ACCESO ADICIONAL DE MATERIA--NOMBRE DE ENTIDAD CORPORATIVA
Nombre de entidad corporativa o nombre de jurisdicción como elemento de entrada Masonería
9 (RLIN) 5658
830 0# - PUNTO DE ACCESO ADICIONAL DE SERIE-TÍTULO UNIFORME
Título uniforme Serie roja
9 (RLIN) 191394
852 ## - LOCALIZACIÓN
Ubicación ES-MaACL
Número de control de estantería A-12205
itemnumber 187864
Sublocalización o colección R.147039
Ubicación en estantería Depósito 1
Signatura antigua Olim: N-5210
942 ## - ELEMENTOS DE ENTRADA SECUNDARIOS (KOHA)
Fuente del sistema de clasificación o colocación Clasificación decimal universal
Tipo de ítem Koha Libro impreso
Holdings
Estatus retirado Estado de pérdida Fuente del sistema de clasificación o colocación Estado de daño No para préstamo Biblioteca de origen Biblioteca actual Ubicación en estantería Fecha de adquisición Fuente de adquisición Total de préstamos Signatura topográfica completa Código de barras Visto por última vez Precio de reemplazo Tipo de ítem Koha
    Clasificación decimal universal     Biblioteca del Ateneo de Madrid Biblioteca del Ateneo de Madrid Depósito 1 27/09/2012 Donación   A-12205 1190187 23/02/2023 23/02/2023 Libro impreso